| 000 | 00503nam a2200181Ia 4500 | ||
|---|---|---|---|
| 005 | 20250508163449.0 | ||
| 008 | 008 250505s9999 xx 000 0 eng d | ||
| 037 | _aTextual | ||
| 040 |
_aFEDL _beng _cFEDL |
||
| 041 |
_aeng _2eng |
||
| 084 |
_aB, WAS _qFEDL |
||
| 100 |
_aDesmond Alice Curtis _9775380 |
||
| 245 | 0 | _aMartha Washington: Our first lady | |
| 260 |
_aNew York, USA _bDodd, Mead and Company _c1955 |
||
| 300 | _ax,303p. | ||
| 942 |
_cTEXL _hB, WAS |
||
| 999 |
_c1383451 _d1383451 |
||